| 000 | 01052nam a2200253 i 4500 | ||
|---|---|---|---|
| 001 | 123987 | ||
| 003 | ES-MaACL | ||
| 005 | 20251219095613.0 | ||
| 007 | t| | ||
| 008 | 070214s1926 sp |||| |bspa d | ||
| 080 | _a929 Talleyrand-Périgord, Charles Maurice de, prince de Bénèvent | ||
| 100 | 1 |
_aVilla-Urrutia, Wenceslao Ramírez de Villa-Urrutia, _cMarqués de, _d1850-1933 _9114894 |
|
| 245 | 1 | 0 |
_aTalleyrand _b: ensayo biográfico (con un retrato) / _cMarqués de Villa-Urrutia. |
| 260 |
_aMadrid : _bFrancisco Beltrán, Librería Española y Extranjera, _c1926 ( _fTip. Artística) |
||
| 300 |
_a312 p. : _b1 retr. ; _c22 cm. |
||
| 500 | _aÍndice. | ||
| 504 | _aBibliografía: p. [297]-298. | ||
| 530 | _aDisponible en formato digital. | ||
| 600 | 1 | 4 |
_aTalleyrand-Périgord, Charles Maurice de, _cprince de Bénèvent, _d1754-1838 _9109131 |
| 852 |
_aES-MaACL _jF-4438 _cDEPO2 |
||
| 856 | 4 |
_uhttp://bdh-rd.bne.es/viewer.vm?id=0000099747&page=1 _y(Biblioteca Digital Hispánica) |
|
| 942 | _2udc | ||
| 999 |
_c123987 _d123987 |
||